Statistics for Oxford Dictionaries Top 1000 English Words - 40 Are 10 Letters Long Or Longer

Click here to take the quiz!

General Stats

  • This quiz has been taken 623 times
  • The average score is 12 of 40

Answer Stats

Words% Correct
International
54%
Understand
52%
Everything
43%
Government
43%
Television
42%
Management
41%
Information
39%
Production
39%
Experience
38%
Professional
37%
Relationship
36%
Population
35%
Generation
34%
Environment
33%
Independent
33%
Responsibility
33%
Administration
32%
Development
32%
Performance
32%
Technology
32%
Difference
30%
Discussion
30%
Throughout
30%
Traditional
30%
Application
29%
Opportunity
29%
Completely
28%
Particular
27%
Collection
26%
Organization
26%
Especially
24%
Individual
24%
Competition
23%
Interesting
23%
Significant
18%
Successful
18%
Themselves
18%
Particularly
16%
Demonstrate
15%
Investment
12%

Score Distribution

Percentile by Number Answered

Percent of People with Each Score

Your Score History

You have not taken this quiz